00425pab a2200133 454500008004000000100002000040245011200060260000900172300001300181362001200194650003000206650002200236773003300258180718b1998 xxu||||| |||| 00| 0 eng d aSwaminadhan, D. aTechnology capacity building and application for sustainable rural development through partnership approach c1998 ap.407-19 aJul-Sep aRural development - India aRural development aJournal of Rural Development